Pokémon - Méga-Évolutions - Mort Subite #4 - Statistiques

Statistiques générales
  • Ce quiz a été pris 113 fois
  • Le résultat moyen est 16 sur 20
Answers on the Grid
Answers color-coded by a green-red scale on the quiz's grid according to % correct below.
Léviator
Florizarre
Laggron
Oniglali
Darkrai
Gallame
Camérupt
Méganium
Mistigrix
Sepiatroce
Kravarech
Hexadron
Floette
Steelix
Scarhino
Élecsprint
Branette
Roucarnage
Crabominable
Floréclat
Rapasdepic
Ronflex
Donphan
Suicune
Chapignon
Hariyama
Milobellus
Luxray
Corboss
Drascore
Gigalithe
Trioxhydre
Bruyverne
Bourrinos
Lampignon
Barbicha
Gambex
Arboliva
Flamenroule
Moumouflon
 
Statistiques - réponses
Réponse % Correct
Léviator
92%
Camérupt
87%
Roucarnage
87%
Florizarre
86%
Steelix
86%
Scarhino
85%
Élecsprint
83%
Oniglali
80%
Branette
79%
Gallame
79%
Laggron
79%
Méganium
77%
Kravarech
75%
Darkrai
74%
Hexadron
72%
Floette
71%
Sepiatroce
71%
Mistigrix
69%
Crabominable
59%
Floréclat
59%
Aucun quiz correspondant
Distribution des résultats
% des personnes avec chaque résultat
Percentile par nombre de réponses
Votre historique - résultats
Vous n’avez pas pris ce quiz